[Event "SRB-chT (Women)"]
[Site "Novi Sad"]
[Date "2017.09.06"]
[Round "6.3"]
[White "Tadic, Katarina"]
[Black "Eric, Jovana"]
[Result "0-1"]
[WhiteElo "2061"]
[BlackElo "2257"]
[PlyCount "76"]
[EventDate "2017.09.01"]
[EventType "team-tourn"]
[EventRounds "11"]
[EventCountry "SRB"]
[SourceTitle "CBM 180 Extra"]
[Source "ChessBase"]
[SourceDate "2017.10.06"]
[SourceVersion "1"]
[SourceVersionDate "2017.10.06"]
[SourceQuality "1"]
[WhiteTeam "Rudovci Radnicki (W)"]
[BlackTeam "Goracici Jelica (W)"]
[WhiteTeamCountry "SRB"]
[BlackTeamCountry "SRB"]

1. Nf3 Nf6 2. g3 g6 3. b3 Bg7 4. Bb2 d6 5. d4 0-0 6. Bg2 Nbd7 7. 0-0 c6 8. c4 Qc7 9. Nbd2 e5 10. Qc2 Re8 11. e4 a5 12. a3 exd4 13. Nxd4 Nc5 14. b4 Ne6 15. N4f3 Qb6 16. Bc3 axb4 17. axb4 Rxa1 18. Rxa1 Ng4 19. Rf1 Ne3 20. fxe3 Qxe3+ 21. Kh1 Qxc3 22. Qxc3 Bxc3 23. b5 cxb5 24. cxb5 Nc5 25. Rc1 Bg7 26. Rd1 Bd7 27. Bf1 Bg4 28. Kg2 Bc3 29. Nb1 Bb4 30. Rxd6 Nxe4 31. Rd4 Bc5 32. Ra4 Nf2 33. h4 Bh3+ 34. Kg1 Nd1+ 35. Nd4 Bxf1 36. Kxf1 Ne3+ 37. Ke2 Nf5+ 38. Kd3 Rd8 0-1